| 000 | 00364nam a2200121 4500 | ||
|---|---|---|---|
| 999 |
_c4532 _d4532 |
||
| 008 | 250227b KH8 PRIMARY LIBRARY ||||| |||| 00| 0 eng d | ||
| 020 | _a9781499803891 | ||
| 082 | _aPEA 813.6 | ||
| 100 |
_aPEARL,ALEXA _eAUTHOR |
||
| 245 |
_aTALES OF SASHA _bTHE BIG SECRET |
||
| 260 |
_a251 PARK AVENUE SOUTH,NEW YORK,NY 10010 _bLittle Bee Books _c2017 |
||
| 942 | _2ddc | ||